| 000 | 00405 a2200133 4500 | ||
|---|---|---|---|
| 003 | Nust | ||
| 005 | 20170207165504.0 | ||
| 040 | _cNust | ||
| 082 | _a799 | ||
| 245 |
_aIftar Cum Dinner of All JCOs Sldrs and Civil Staff,Photographs-2014 _bMCS |
||
| 260 |
_aRawalpindi _bMCS _c22-07-2014 |
||
| 650 | _aIftar Cum Dinner of All JCOs Sldrs and Civil Staff,Photographs-2014 , (CD-NO 24 Vol IV) | ||
| 651 | _aSweet Memories-MCS | ||
| 942 | _cBK | ||
| 999 |
_c212062 _d212062 |
||